| Поле | Инд. | ПП | Название | Значение |
|---|---|---|---|---|
| Тип записи | a | |||
| Библиографический уровень | m | |||
| 001 | Контрольный номер | RU/LIBMSTU/314366745 | ||
| 005 | Дата корректировки | 20190904114952.3 | ||
| 008 | Кодируемые данные | 091218|||||||||ru |||||||||||000|||rus|| | ||
| 020 | a | ISBN | 978-5-7598-0644-8 | |
| c | Цена, тираж | 116-93 | ||
| 040 | b | Код языка каталог. | rus | |
| 041 | 0_ | a | Код языка текста | rus |
| 084 | a | Индекс другой классификации/Индекс ББК | 65.264.31+65.263 | |
| 090 | a | Полочн. индекс | 65.264 | |
| x | Авторский знак | З-46 | ||
| 100 | 1_ | a | Автор | Здоровенин В. В. |
| 245 | 10 | a | Заглавие | Хедж-фонды |
| b | Продолж. заглавия | инвестиционная деятельность и оценка ее эффективности | ||
| c | Ответственность | Гос. ун-т - Высш. шк. экономики | ||
| 260 | a | Место издания | Москва | |
| b | Издательство | ГУ ВШЭ | ||
| c | Дата издания | 2009 | ||
| 300 | a | Объем | 138, [1] с. | |
| b | Иллюстрации/ тип воспроизводства | ил. | ||
| 504 | a | Библиография | Библиогр.: с. 130-138 | |
| 650 | 04 | a | Основная рубрика | Мировая экономика-Фондовый рынок-Инвестиции |
| 653 | 0_ | a | Ключевые слова | Арбитраж |
| a | Ключевые слова | Инвестиции предприятий | ||
| a | Ключевые слова | Инвестиционные стили | ||
| a | Ключевые слова | Классификация хедж-фондов | ||
| a | Ключевые слова | Оценка эффективности | ||
| a | Ключевые слова | Портфель | ||
| a | Ключевые слова | Фондовые биржи | ||
| a | Ключевые слова | Хеджевые фонды | ||
| a | Ключевые слова | Шарпа модель | ||
| a | Ключевые слова | Шарпа омега | ||
| 901 | t | Тип документа | m |